000 00661nam a22002055i 4500
001 54934
003 ES-MaACL
005 20250825224016.0
007 t|
008 960731q18801900sp ||||1| spa d
040 _aCAM
_bspa
_cCAM
100 1 _aGarcía Al-Deguer, Juan.
_954120
245 1 0 _aHistoria de la Argentina /
_cJuan García Al-Deguer.
260 _aMadrid :
_bLa España Editorial,
_c[18--?] (
_fImprenta de Felipe Marqués)
300 _a2 v. (VII, 261; 271 p.) ;
_c18 cm.
500 _aLa España Editorial publica ca. 1880-1900.
651 4 _aArgentina-
_xHistoria
_97807
852 _aES-MaACL
_jD-2547-8
999 _c54934
_d54934